Sports Quiz

Random Sports or Golf Quiz
Score 0/20 Timer 06:00
0 Plays Today
% Correct
Augusta National
88.2%
Pine Valley
45.2%
Bethpage Black
43%
Pinehurst #2
42.4%
Cypress Point
27.7%
Bandon Dunes
13.2%
Riviera
10.3%
Bay Hill
6.4%
Golf Club of South Georgia
0.8%
Koolau
0.2%
% Correct
Tobacco Road
0.2%
Baywood Greens
0.2%
Caledonia
0.2%
World Woods
0%
Calusa Pines
0%
Innisbrook
0%
Kearney Hill
-0.2%
Glen Mills
-0.2%
Pennsauken
-0.2%
Dauphin Highlands
-0.2%

You're not logged in!

Compare scores with friends on all Sporcle quizzes.
OR
Log In

Sporcle TV

Today on Sporcle TV


Watch our educational content, quiz creation guides, and fun videos on Sporcle TV.

Show Comments

Extras

Top Quizzes Today


Score Distribution

Paid Content

Your Account Isn't Verified!

In order to create a playlist on Sporcle, you need to verify the email address you used during registration. Go to your Sporcle Settings to finish the process.

Report this User

Report this user for behavior that violates our Community Guidelines.

Details: